书目信息 |
| 题名: |
工艺气体的净化
|
|
| 作者: | 谢苗诺娃 , Семенова , 列伊捷斯 , Лейтес 主编 ;南京化学工业公司研究院 译 | |
| 分册: | ||
| 出版信息: | 北京 化学工业出版社 1982 |
|
| 页数: | 336页 | |
| 开本: | 25cm | |
| 丛书名: | ||
| 单 册: | ||
| 中图分类: | TQ116 | |
| 科图分类: | ||
| 主题词: | 工业气体-气体净化 , 气体净化-工业气体 | |
| 电子资源: | ||
| ISBN: | ||
| 000 | 01123nam0 2200313 45 | |
| 001 | 0182006949 | |
| 005 | 20060922100143.04 | |
| 010 | @dCNY2.20 | |
| 091 | @a15063.3375 | |
| 100 | @a19950302d1982 em y0chiy0121 ea | |
| 101 | 1 | @achi@crus |
| 102 | @aCN@b110000 | |
| 105 | @ay z 000yy | |
| 200 | 10 | @a工艺气体的净化@Agong yi qi ti de jing hua@f(苏)谢苗诺娃(Т.А. Семенова),(苏)列伊捷斯(И.Л. Лейтес)主编@g南京化学工业公司研究院译 |
| 210 | @a北京@c化学工业出版社@d1982 | |
| 215 | @a336页@d25cm | |
| 300 | @a书名原文:Очистка технологических газов | |
| 510 | 1 | @aОчистка технологических газов |
| 606 | @a工业气体-气体净化 | |
| 606 | @a气体净化-工业气体 | |
| 690 | @aTQ116@v3 | |
| 701 | 1 | @a谢苗诺娃@Axie miao nuo wa@4主编 |
| 701 | A1 | @aСеменова@bТ.А.@4主编 |
| 701 | 1 | @a列伊捷斯@Alie yi jie si@4主编 |
| 701 | A1 | @aЛейтес@bИ.Л.@4主编 |
| 712 | 02 | @a南京化学工业公司研究院@Anan jing hua xue gong ye gong si yan jiu yuan@4译 |
| 801 | 2 | @aCN@bNLC@c20060922 |
| 801 | 0 | @aCN@bTSSF@c20060912 |
| 905 | @a10447@dTQ116@e17=2 | |
| 工艺气体的净化/(苏)谢苗诺娃(Т.А. Семенова),(苏)列伊捷斯(И.Л. Лейтес)主编/南京化学工业公司研究院译.-北京:化学工业出版社,1982 |
| 336页;25cm |
| 书名原文:Очистка технологических газов |
| ISBN :CNY2.20 |
| ● |
| 相关链接 |
|
|
|
|
正题名:工艺气体的净化
索取号:TQ116/17=2
 
预约/预借
| 序号 | 登录号 | 条形码 | 馆藏地/架位号 | 状态 | 备注 |
| 1 | 0422276 | 204222769 | 密集书库/ [索取号:TQ116/17=2] | 在馆 | |
| 2 | 0470424 | 204704249 | 密集书库/ [索取号:TQ116/17=2] | 在馆 | |
| 3 | 0473885 | 204738855 | 密集书库/ [索取号:TQ116/17=2] | 在馆 |